000 00310nam a22001337a 4500
008 170131b xxu||||| |||| 00| 0 eng d
020 _a9780763751616
041 _aeng
080 _24TH
_a61
100 _a3
101 _aSHM
245 _aEPIDEMIOLOGY FOR PUBLIC HEALTH PRACTICE
_cFRIISM R.H
942 _2udc
_cBK
999 _c4142
_d4142